000 00745nam a2200241Ia 4500
003 OSt
005 20220930065511.0
006 a|||||r|||| 00| 0
007 ta
008 220926b |||||||| |||| 00| 0 eng d
024 _a5687
037 _cTheses
040 _aCRL
_cCRL
_beng
041 _2eng
_aeng
100 _aMalviya Pankaj
110 _aUniversity of Delhi. Faculty of Arts. Department of Slavonic Studies
_9525970
245 0 _aLiterary trends in pre-revolution russian literature and their Hindi counterparts
260 _c1991
650 _aSLAVONIC LITERATURE
700 _aUniversity of Delhi. Faculty of Arts. Department of Slavonic Studies
_9525971
942 _cDIS
_2CC
999 _c859630
_d859630